A life full of surprises. (Record no. 13010)

000 -LEADER
fixed length control field 00694nam a2200205 a 4500
001 - CONTROL NUMBER
control field :::00010828$&:&@@
003 - CONTROL NUMBER IDENTIFIER
control field OkBaRHE
005 - DATE AND TIME OF LATEST TRANSACTION
control field 20000607103402.0
008 - FIXED-LENGTH DATA ELEMENTS--GENERAL INFORMATION
fixed length control field s1969 j 000 0 eng u
040 ## - CATALOGING SOURCE
Transcribing agency
100 1# - MAIN ENTRY--PERSONAL NAME
Personal name Ogilvie, Lloyd John.
245 12 - TITLE STATEMENT
Title A life full of surprises.
260 ## - PUBLICATION, DISTRIBUTION, ETC. (IMPRINT)
Place of publication, distribution, etc Nashville, TN., :
Name of publisher, distributor, etc Abingdon Press
Date of publication, distribution, etc c1969
300 ## - PHYSICAL DESCRIPTION
Extent 144 p. ;
Dimensions 21 cm.
650 ## - SUBJECT ADDED ENTRY--TOPICAL TERM
Topical term or geographic name as entry element Christian Life
General subdivision Presbyterian Authors
650 ## - SUBJECT ADDED ENTRY--TOPICAL TERM
Topical term or geographic name as entry element Conversion
942 ## - ADDED ENTRY ELEMENTS (KOHA)
Source of classification or shelving scheme
Koha item type Books
Copies
Damaged status Copy number Full call number Barcode Date acquired Price effective from Lost status Withdrawn status Date last seen Permanent Location Source of classification or shelving scheme Not for loan Koha item type Shelving location
 1BV 4501.2 .O33108282010-04-142010-04-14  2010-04-14RHEMA Bible Training College  BooksGeneral Stacks
 2BV 4501.2 .O33204632010-04-142010-04-14  2010-04-14RHEMA Bible Training College  BooksGeneral Stacks